<?xml version="1.0" encoding="UTF-8"?>
<record
    xmlns:xsi="http://www.w3.org/2001/XMLSchema-instance"
    xsi:schemaLocation="http://www.loc.gov/MARC21/slim http://www.loc.gov/standards/marcxml/schema/MARC21slim.xsd"
    xmlns="http://www.loc.gov/MARC21/slim">

  <leader>02701cam a22003614a 4500</leader>
  <controlfield tag="001">44901</controlfield>
  <controlfield tag="003">BD-RjUL</controlfield>
  <controlfield tag="005">20211209053932.0</controlfield>
  <controlfield tag="008">160721s2006    dcua     b   i001 0 eng  </controlfield>
  <datafield tag="020" ind1=" " ind2=" ">
    <subfield code="a">0821363603</subfield>
  </datafield>
  <datafield tag="035" ind1=" " ind2=" ">
    <subfield code="a">(OCoLC)ocm62341638</subfield>
  </datafield>
  <datafield tag="035" ind1=" " ind2=" ">
    <subfield code="a">BD-RjUL45019</subfield>
  </datafield>
  <datafield tag="040" ind1=" " ind2=" ">
    <subfield code="a">DLC</subfield>
    <subfield code="c">DLC</subfield>
    <subfield code="d">UKM</subfield>
    <subfield code="d">C#P</subfield>
    <subfield code="d">OrLoB-B</subfield>
    <subfield code="d">BD-RjUL</subfield>
    <subfield code="b">eng</subfield>
  </datafield>
  <datafield tag="041" ind1=" " ind2=" ">
    <subfield code="a">eng</subfield>
  </datafield>
  <datafield tag="082" ind1="0" ind2="0">
    <subfield code="a">332.1091724</subfield>
    <subfield code="2">22</subfield>
    <subfield code="b">HEA 2006 </subfield>
  </datafield>
  <datafield tag="100" ind1="1" ind2=" ">
    <subfield code="a">Helms, Brigit.</subfield>
    <subfield code="9">137584</subfield>
  </datafield>
  <datafield tag="245" ind1="1" ind2="0">
    <subfield code="a">Access for all :</subfield>
    <subfield code="b">building inclusive financial systems /</subfield>
    <subfield code="c">Brigit Helms.</subfield>
  </datafield>
  <datafield tag="260" ind1=" " ind2=" ">
    <subfield code="a">Washington, DC :</subfield>
    <subfield code="b">World Bank,</subfield>
    <subfield code="c">c2006.</subfield>
  </datafield>
  <datafield tag="300" ind1=" " ind2=" ">
    <subfield code="a">xii, 170 p. :</subfield>
    <subfield code="b">ill. ;</subfield>
    <subfield code="c">23 cm.</subfield>
  </datafield>
  <datafield tag="500" ind1=" " ind2=" ">
    <subfield code="a">"CGAP, Consultative Group to Assist the Poor."</subfield>
  </datafield>
  <datafield tag="504" ind1=" " ind2=" ">
    <subfield code="a">Includes bibliographical references (p. 151-162) and index.</subfield>
  </datafield>
  <datafield tag="505" ind1="0" ind2="0">
    <subfield code="t">The consultative group to assist the poor -- </subfield>
    <subfield code="t">Introduction -- </subfield>
    <subfield code="t">Poor and low-income clients -- </subfield>
    <subfield code="t">Financial service providers : the micro level -- </subfield>
    <subfield code="t">t</subfield>
  </datafield>
  <datafield tag="520" ind1="1" ind2=" ">
    <subfield code="a">"Access for All: Building Inclusive Financial Systems outlines the "new" vision of microfinance, laying out in plain language what CGAP and others in the development field have learned over the past 10 years about building inclusive financial systems. Access for All is neither a technical handbook nor a chronicle of the history of microfinance. Instead, it pulls together disparate sources of information to describe where the microfinance field finds itself in 2006, as well as the opportunities and challenges ahead." "Access for All will enable readers to quickly grasp the practical implications of a fairly murky concept - inclusive financial systems - by making a cogent argument about what we know now, what we need to find out, and where further information can be found." "Beginning with key questions about clients of microfinance - Who are they? What financial services do they want? What is the impact of financial services on their lives? - the book examines all levels of the financial system. It shows what works, what does not work, and where more learning is needed. By focusing on promising models and practices, it offers a vision of how to achieve financial systems that will ultimately offer access for all."--BOOK JACKET.</subfield>
  </datafield>
  <datafield tag="650" ind1=" " ind2="0">
    <subfield code="a">Microfinance</subfield>
    <subfield code="z">Developing countries.</subfield>
    <subfield code="9">137585</subfield>
  </datafield>
  <datafield tag="650" ind1=" " ind2="0">
    <subfield code="a">Credit</subfield>
    <subfield code="z">Developing countries.</subfield>
    <subfield code="9">137586</subfield>
  </datafield>
  <datafield tag="650" ind1=" " ind2="0">
    <subfield code="a">Financial institutions</subfield>
    <subfield code="z">Developing countries.</subfield>
    <subfield code="9">137587</subfield>
  </datafield>
  <datafield tag="650" ind1=" " ind2="0">
    <subfield code="a">Financial services industry</subfield>
    <subfield code="z">Developing countries.</subfield>
    <subfield code="9">137588</subfield>
  </datafield>
  <datafield tag="650" ind1=" " ind2="0">
    <subfield code="a">Poor</subfield>
    <subfield code="z">Developing countries.</subfield>
    <subfield code="9">132243</subfield>
  </datafield>
  <datafield tag="650" ind1=" " ind2="0">
    <subfield code="a">Microfinance</subfield>
    <subfield code="x">Government policy</subfield>
    <subfield code="z">Developing countries.</subfield>
    <subfield code="9">137589</subfield>
  </datafield>
  <datafield tag="710" ind1="2" ind2=" ">
    <subfield code="a">Consultative Group to Assist the Poorest.</subfield>
    <subfield code="9">137590</subfield>
  </datafield>
  <datafield tag="942" ind1=" " ind2=" ">
    <subfield code="2">ddc</subfield>
    <subfield code="c">BK</subfield>
  </datafield>
  <datafield tag="999" ind1=" " ind2=" ">
    <subfield code="c">44901</subfield>
    <subfield code="d">44901</subfield>
  </datafield>
  <datafield tag="952" ind1=" " ind2=" ">
    <subfield code="0">0</subfield>
    <subfield code="1">0</subfield>
    <subfield code="2">ddc</subfield>
    <subfield code="4">0</subfield>
    <subfield code="7">1</subfield>
    <subfield code="8">NFIC</subfield>
    <subfield code="a">RUCL</subfield>
    <subfield code="b">RUCL</subfield>
    <subfield code="c">Reading</subfield>
    <subfield code="d">2008-02-03</subfield>
    <subfield code="e">Dhaka, MIDAS</subfield>
    <subfield code="g">30.00</subfield>
    <subfield code="l">0</subfield>
    <subfield code="o">332.1091724 HEA 2006</subfield>
    <subfield code="r">2016-07-21 00:00:00</subfield>
    <subfield code="t">C-1</subfield>
    <subfield code="w">2016-07-21</subfield>
    <subfield code="y">BK</subfield>
  </datafield>
</record>
